[Event "Reykjavik Open 2013"]
[Site "Reykjavik, Iceland"]
[Date "2013.02.25"]
[Round "8.85"]
[White "Meier, Gerd"]
[Black "Bauza Mercere, Eduardo"]
[Result "1-0"]
[WhiteElo "1949"]
[BlackElo "1809"]
[PlyCount "89"]
[EventDate "2013.02.19"]

1. e4 c5 2. Nf3 d6 3. d4 cxd4 4. Nxd4 Nf6 5. Nc3 e6 6. Bg5 Be7 7. f4 h6 8. Bxf6
Bxf6 9. Qd2 a6 10. O-O-O Be7 11. Kb1 Qc7 12. g4 Nc6 13. Nb3 Bd7 14. Bg2 O-O-O
15. Rhe1 Rhe8 16. Qf2 Kb8 17. a3 Bc8 18. h4 Bf6 19. Rd3 g6 20. Red1 Bg7 21. Na4
b5 22. Nc3 Bb7 23. Na2 Na7 24. Nb4 Nc8 25. e5 d5 26. Qc5 Bf8 27. Qxc7+ Kxc7 28.
Rc3+ Kb6 29. Nd4 Na7 30. Bf1 Rc8 31. Rg3 Nc6 32. Nbxc6 Bxc6 33. Bd3 a5 34. c3
b4 35. cxb4 axb4 36. Bc2 bxa3 37. Nxc6 Ra8 38. Nd4 a2+ 39. Ka1 Rec8 40. Bb3 Bc5
41. Rc3 Ra5 42. Bc2 Raa8 43. Nb3 Bb4 44. Rxc8 Rxc8 45. Bd3 1-0

[Event "Reykjavik Open 2013"]
[Site "Reykjavik, Iceland"]
[Date "2013.02.25"]
[Round "8.86"]
[White "Kristinardottir, Elsa Maria"]
[Black "Leimeister, Winfried"]
[Result "0-1"]
[WhiteElo "1747"]
[BlackElo "1909"]
[PlyCount "86"]
[EventDate "2013.02.19"]

1. e4 c5 2. Nf3 g6 3. Nc3 Bg7 4. d4 cxd4 5. Nxd4 Nc6 6. Be3 Nf6 7. f3 O-O 8.
Qd2 d5 9. Nxc6 bxc6 10. O-O-O Be6 11. exd5 Nxd5 12. Nxd5 Bxd5 13. c4 Be6 14.
Qxd8 Rfxd8 15. Rxd8+ Rxd8 16. Be2 a5 17. b3 Bd4 18. Bxd4 Rxd4 19. Rd1 Rxd1+ 20.
Kxd1 c5 21. Kc2 g5 22. Bd3 h5 23. Be4 Kg7 24. Bc6 Kf6 25. Kb2 Ke5 26. Ka3 Kd6
27. Be8 Kc7 28. Kb2 h4 29. Kc3 f5 30. Kd3 Kd6 31. Ke3 Ke5 32. Bg6 Bd7 33. Bh5
Kf6 34. g3 e5 35. g4 f4+ 36. Ke2 Bc6 37. Kf2 e4 38. fxe4 Bxe4 39. Be8 Ke5 40.
Ke2 Kd4 41. Bf7 Kc3 42. Bd5 Bb1 43. Kf3 Kb2 0-1

[Event "Reykjavik Open 2013"]
[Site "Reykjavik, Iceland"]
[Date "2013.02.25"]
[Round "8.88"]
[White "Kjartansson, Dagur"]
[Black "Maggason, Oskar"]
[Result "1-0"]
[WhiteElo "1623"]
[BlackElo "1903"]
[PlyCount "59"]
[EventDate "2013.02.19"]

1. c4 e5 2. Nc3 Nf6 3. g3 Bc5 4. Bg2 Nc6 5. e3 O-O 6. Nge2 d6 7. O-O Bg4 8. b3
Qd7 9. Bb2 Bh3 10. d4 Bb6 11. Na4 Bxg2 12. Kxg2 exd4 13. exd4 a6 14. Nxb6 cxb6
15. d5 Ne5 16. h3 b5 17. c5 Rfe8 18. f4 Neg4 19. hxg4 Nxg4 20. Bd4 Qf5 21. Rf3
dxc5 22. Bxc5 Rac8 23. Bf2 Qe4 24. Ng1 Rcd8 25. d6 Re6 26. d7 Re7 27. Rc1 Qe6
28. Rd3 Qe4+ 29. Qf3 Nxf2 30. Qxe4 1-0

[Event "Reykjavik Open 2013"]
[Site "Reykjavik, Iceland"]
[Date "2013.02.25"]
[Round "8.89"]
[White "Fivelstad, Jon Olav"]
[Black "Jonsson, Gauti Pall"]
[Result "1-0"]
[WhiteElo "1888"]
[BlackElo "1519"]
[PlyCount "119"]
[EventDate "2013.02.19"]

1. c4 Nf6 2. g3 g6 3. Bg2 Bg7 4. d4 O-O 5. Nf3 d6 6. Nc3 Nbd7 7. O-O e5 8. h3
c6 9. Be3 Qc7 10. Qc1 Re8 11. dxe5 Nxe5 12. Nxe5 dxe5 13. Bh6 Bh8 14. Qe3 Be6
15. b3 Nd7 16. Rad1 f5 17. Bg5 Bf6 18. Na4 Bxg5 19. Qxg5 Kg7 20. Qd2 Rad8 21.
Qc3 Kf7 22. Rd2 e4 23. Rfd1 Nf6 24. Qe3 b6 25. Rd4 Ke7 26. Nc3 Rxd4 27. Rxd4
Rd8 28. g4 Rxd4 29. Qxd4 Qd6 30. e3 Qxd4 31. exd4 fxg4 32. hxg4 Bxg4 33. Nxe4
Nxe4 34. Bxe4 Kd6 35. Kg2 Be6 36. Kg3 Bf7 37. Kh4 h6 38. Kg4 a5 39. f4 a4 40.
Kf3 b5 41. c5+ Kd7 42. bxa4 bxa4 43. a3 g5 44. fxg5 hxg5 45. Kg4 Kc7 46. Kxg5
Bc4 47. Kf4 Bg8 48. Ke5 Bf7 49. Bd3 Bd5 50. Kf4 Kb7 51. Ke3 Ka7 52. Kd2 Kb7 53.
Bc2 Ka6 54. Bxa4 Ka5 55. Bc2 Kb5 56. Ke3 Be6 57. Ke4 Bd5+ 58. Ke5 Ba2 59. Be4
Bf7 60. Kd6 1-0

[Event "Reykjavik Open 2013"]
[Site "Reykjavik, Iceland"]
[Date "2013.02.25"]
[Round "8.91"]
[White "Davidsdottir, Nansy"]
[Black "Arntsen, Frode"]
[Result "0-1"]
[WhiteElo "1479"]
[BlackElo "1840"]
[PlyCount "68"]
[EventDate "2013.02.19"]

1. e4 d5 2. exd5 Qxd5 3. d3 Nf6 4. Nc3 Qd6 5. Nf3 c6 6. Be2 Bf5 7. h3 Nbd7 8.
Be3 e6 9. Qd2 Qc7 10. a3 Be7 11. O-O h6 12. b4 g5 13. b5 Rg8 14. bxc6 bxc6 15.
Nd4 Ne5 16. Nxf5 exf5 17. f4 g4 18. fxe5 gxh3 19. Bf3 Nh5 20. d4 O-O-O 21. Qd3
Ng3 22. Rfb1 Kd7 23. Bf4 Ke8 24. Bxg3 Rxg3 25. Bxc6+ Qxc6 26. Qxg3 hxg2 27. Rd1
Bg5 28. Rd3 Qc4 29. Qxg2 Rxd4 30. Kh1 Rh4+ 31. Rh3 Qxc3 32. Qa8+ Ke7 33. Qxa7+
Kf8 34. Qb8+ Kg7 0-1

[Event "Reykjavik Open 2013"]
[Site "Reykjavik, Iceland"]
[Date "2013.02.25"]
[Round "8.94"]
[White "Michel, Steve"]
[Black "Palsdottir, Soley Lind"]
[Result "1-0"]
[WhiteElo "2008"]
[BlackElo "1393"]
[PlyCount "99"]
[EventDate "2013.02.19"]

1. d4 Nf6 2. c4 g6 3. Nc3 Bg7 4. e4 d6 5. Nf3 O-O 6. Be2 Re8 7. O-O e5 8. d5
Nbd7 9. Ne1 Nc5 10. Qc2 a5 11. b3 Rf8 12. a3 Ne8 13. Be3 Na6 14. Nd3 f5 15. f3
f4 16. Bf2 h5 17. b4 axb4 18. axb4 c6 19. Na4 Nac7 20. Nb6 Rxa1 21. Rxa1 Nf6
22. dxc6 bxc6 23. Nxc8 Qxc8 24. c5 dxc5 25. Nxe5 Kh7 26. Bxc5 Re8 27. Bd4 Nb5
28. Bb2 Nd7 29. Nxd7 Bxb2 30. Nf8+ Rxf8 31. Qxb2 Qd7 32. Bxb5 cxb5 33. Qf2 Rc8
34. g3 fxg3 35. hxg3 Rc6 36. Kg2 Qc8 37. Ra2 Rc4 38. Qd2 Qc7 39. Rb2 Rc3 40.
Qe2 Rc4 41. e5 Qe7 42. Qe1 Qe6 43. Re2 Rc6 44. Qd2 Kg7 45. Qd3 Rb6 46. Qd4 Kf7
47. Rc2 Rc6 48. Qa7+ Kf8 49. Qa8+ Kf7 50. Qxc6 1-0

[Event "Reykjavik Open 2013"]
[Site "Reykjavik, Iceland"]
[Date "2013.02.25"]
[Round "8.95"]
[White "Kolka, Dawid"]
[Black "Ohlsson, Mikael"]
[Result "0-1"]
[WhiteElo "1646"]
[BlackElo "1811"]
[PlyCount "92"]
[EventDate "2013.02.19"]

1. e4 c5 2. Nf3 e6 3. Nc3 a6 4. d4 cxd4 5. Nxd4 Qc7 6. a3 b5 7. Be2 Bb7 8. O-O
Nf6 9. f3 Bd6 10. g3 O-O 11. Kg2 Be7 12. Be3 Rd8 13. Qd2 d5 14. exd5 Nxd5 15.
Nxd5 Bxd5 16. c3 e5 17. Nf5 Bf8 18. Qc2 Nd7 19. Rad1 Nc5 20. Qb1 Qc6 21. Bf2 e4
22. Nd4 Qg6 23. Qc1 Rac8 24. Qf4 Na4 25. Rd2 Be7 26. Be3 Nb6 27. fxe4 Bxe4+ 28.
Bf3 Nd5 29. Qxe4 Qxe4 30. Bxe4 Nxe3+ 31. Kg1 Nxf1 32. Kxf1 g6 33. Bb7 Rb8 34.
Bg2 Bg5 35. Rc2 Rd6 36. Re2 Bf6 37. Nc6 Rb6 38. Nb4 Rd1+ 39. Kf2 Rbd6 40. h4 h6
41. Bh3 a5 42. Nc2 Bd8 43. Bg4 Bb6+ 44. Kg2 R6d2 45. Kf3 f5 46. Bh3 Rd3+ 0-1

[Event "Reykjavik Open 2013"]
[Site "Reykjavik, Iceland"]
[Date "2013.02.25"]
[Round "8.98"]
[White "Magnusdottir, Veronika Steinun"]
[Black "Bakkes, Frits"]
[Result "1-0"]
[WhiteElo "1557"]
[BlackElo "1750"]
[PlyCount "69"]
[EventDate "2013.02.19"]

1. e4 c6 2. d4 d5 3. Nc3 dxe4 4. Nxe4 Nd7 5. Nf3 Ngf6 6. Nxf6+ Nxf6 7. Bf4 e6
8. Bd3 Nd5 9. Be5 c5 10. c3 cxd4 11. Nxd4 Qa5 12. Nb3 Qd8 13. O-O Bd7 14. Qe2
Be7 15. Bxg7 Rg8 16. Be5 Bc6 17. Nd4 Rxg2+ 18. Kh1 Nf4 19. Nxc6 Qd5 20. Be4
Nxe2 21. Bxd5 exd5 22. Kxg2 bxc6 23. Rfe1 f6 24. Rxe2 fxe5 25. Rxe5 Kf7 26.
Rae1 Bf6 27. R5e3 d4 28. Rf3 c5 29. cxd4 cxd4 30. Rd3 Rc8 31. Re2 Rc1 32. Red2
a5 33. Rf3 Rc4 34. b3 Rc5 35. Rxd4 1-0

[Event "Reykjavik Open 2013"]
[Site "Reykjavik, Iceland"]
[Date "2013.02.25"]
[Round "8.99"]
[White "Vignisson, Ingvar Egill"]
[Black "Holm, Fridgeir K"]
[Result "1-0"]
[WhiteElo "1542"]
[BlackElo "1733"]
[PlyCount "137"]
[EventDate "2013.02.19"]

1. c4 e5 2. g3 Nc6 3. Bg2 Nf6 4. Nc3 Bb4 5. Nd5 O-O 6. e3 e4 7. a3 Bd6 8. Nxf6+
Qxf6 9. Bxe4 Ne5 10. Rb1 Qe6 11. b3 c6 12. d3 f5 13. Bg2 a5 14. Ne2 Qe7 15. d4
Ng4 16. c5 Bc7 17. O-O d5 18. cxd6 Bxd6 19. d5 cxd5 20. Qxd5+ Kh8 21. Rd1 Bxa3
22. Bxa3 Qxa3 23. Qd6 Qxd6 24. Rxd6 a4 25. h3 Nf6 26. bxa4 Ne4 27. Rd4 Nc5 28.
Rbb4 Ra7 29. Nf4 g5 30. Nd3 Ne6 31. Rd6 Kg7 32. Rc4 Kf6 33. Nc5 Ke7 34. Rb6
Nxc5 35. Rxc5 Rxa4 36. Bxb7 Ra1+ 37. Kh2 Bxb7 38. Rc7+ Kd8 39. Rbxb7 f4 40.
Rxh7 Kc8 41. gxf4 gxf4 42. exf4 Rxf4 43. Rbf7 Rd4 44. Rh8+ Rd8 45. Rxd8+ Kxd8
46. h4 Ra3 47. Kg2 Ke8 48. Rf3 Ra1 49. Kh3 Ke7 50. h5 Rh1+ 51. Kg4 Rg1+ 52. Rg3
Rh1 53. f4 Kf7 54. Kg5 Kg7 55. f5 Kh7 56. Kf6 Re1 57. Kf7 Re5 58. Rg7+ Kh8 59.
f6 Rxh5 60. Rg8+ Kh7 61. Re8 Rh2 62. Re5 Kh6 63. Re4 Rb2 64. Rg4 Re2 65. Kf8
Kh7 66. f7 Ra2 67. Rh4+ Kg6 68. Kg8 Kg5 69. Rb4 1-0

[Event "Reykjavik Open 2013"]
[Site "Reykjavik, Iceland"]
[Date "2013.02.25"]
[Round "8.101"]
[White "Ontiveros, John"]
[Black "Thorhallsson, Simon"]
[Result "0-1"]
[WhiteElo "1700"]
[BlackElo "1451"]
[PlyCount "160"]
[EventDate "2013.02.19"]

1. d4 d5 2. c4 c6 3. Nc3 Nf6 4. Nf3 dxc4 5. e3 b5 6. a4 b4 7. Na2 a5 8. Bxc4 e6
9. b3 Ba6 10. Qe2 Be7 11. Bb2 O-O 12. O-O Qb6 13. Nc1 Nbd7 14. Bxa6 Qxa6 15.
Qxa6 Rxa6 16. Nd3 c5 17. Rac1 Rc6 18. Nde5 Nxe5 19. Nxe5 Rc7 20. Rc2 Rfc8 21.
Rfc1 Nd5 22. Nc4 Nc3 23. Bxc3 bxc3 24. dxc5 Rxc5 25. Rxc3 Bf6 26. Rd3 Rd5 27.
Rcd1 Rdc5 28. Nb6 Re8 29. Nd7 Rc7 30. Nxf6+ gxf6 31. g4 Rec8 32. Rd8+ Rxd8 33.
Rxd8+ Kg7 34. Ra8 Rc5 35. Kg2 e5 36. Rb8 Rc3 37. Rb5 Kg6 38. Rxa5 Rxb3 39. Ra8
Kg7 40. e4 Ra3 41. a5 h6 42. a6 Kh7 43. a7 Kg7 44. h4 Kh7 45. Kf1 Ra2 46. Ke1
Kg7 47. Kd1 Kh7 48. f3 Kg7 49. Kc1 Ra1+ 50. Kb2 Ra6 51. Kb3 Rb6+ 52. Kc4 Ra6
53. Kc5 Ra1 54. Kc4 Ra6 55. Kd3 Ra3+ 56. Ke2 Ra2+ 57. Ke3 Kh7 58. Kd3 Ra3+ 59.
Kc4 Kg7 60. Kb5 Ra1 61. Kb6 Rb1+ 62. Kc7 Rc1+ 63. Kd8 Rd1+ 64. Ke7 Ra1 65. g5
fxg5 66. hxg5 h5 67. Rc8 Rxa7+ 68. Kd6 Ra3 69. Kxe5 Rxf3 70. Rc1 Kg6 71. Rg1 h4
72. Kd6 h3 73. Kd5 h2 74. Rh1 Rf2 75. Kd4 Kxg5 76. Kd3 Kg4 77. Ke3 Kg3 78. Ra1
Kg2 79. Rb1 Rf1 80. Rb2+ Kg1 0-1

[Event "Reykjavik Open 2013"]
[Site "Reykjavik, Iceland"]
[Date "2013.02.25"]
[Round "8.102"]
[White "Steinthorsson, Felix"]
[Black "Heimisson, Hilmir Freyr"]
[Result "0-1"]
[WhiteElo "1449"]
[BlackElo "1693"]
[PlyCount "95"]
[EventDate "2013.02.19"]

1. d4 f5 2. Nf3 Nf6 3. Bg5 e6 4. e3 Be7 5. Nbd2 O-O 6. g3 d5 7. Bg2 Nbd7 8. O-O
c6 9. c3 b6 10. Rc1 Ba6 11. Re1 Ne4 12. Bxe7 Qxe7 13. Ne5 Nxe5 14. dxe5 Nc5 15.
f4 Nd3 16. Rc2 Nxe1 17. Qxe1 Rad8 18. Bf1 Bxf1 19. Qxf1 c5 20. Nf3 a6 21. Qh3
Qb7 22. Kf2 Rc8 23. Rd2 b5 24. a3 a5 25. Qf1 Rfe8 26. Qd1 Qb8 27. Kg2 Re7 28.
Qe2 Rce8 29. Qd1 Qb7 30. Kf2 b4 31. axb4 axb4 32. Qc2 b3 33. Qd3 Ra8 34. Rd1
Ra2 35. Rb1 d4 36. exd4 cxd4 37. Nxd4 Kf7 38. Qc4 Qd5 39. Qxd5 exd5 40. Ke3 g5
41. Kd3 Ra4 42. Ke3 Ke8 43. Nxb3 Re4+ 44. Kf2 gxf4 45. gxf4 Rxf4+ 46. Kg3 Rg4+
47. Kf2 Rxe5 48. Nd4 0-1

[Event "Reykjavik Open 2013"]
[Site "Reykjavik, Iceland"]
[Date "2013.02.25"]
[Round "8.104"]
[White "Petersen, Jakob Alexander"]
[Black "Hauksdottir, Hrund"]
[Result "0-1"]
[WhiteElo "1370"]
[BlackElo "1671"]
[PlyCount "37"]
[EventDate "2013.02.19"]

1. d4 d5 2. c4 e6 3. cxd5 exd5 4. Bf4 Nf6 5. Nf3 Nbd7 6. Nc3 Be7 7. g3 O-O 8.
Bg2 c6 9. O-O Ne4 10. Ne5 Ng5 11. e4 dxe4 12. Nxe4 Nxe5 13. dxe5 Nh3+ 14. Bxh3
Bxh3 15. Re1 Re8 16. b3 Bb4 17. Re3 Rc8 18. Qh5 Qd4 19. Qxh3 {unreadable} 0-1

[Event "Reykjavik Open 2013"]
[Site "Reykjavik, Iceland"]
[Date "2013.02.25"]
[Round "8.106"]
[White "Hrafnsson, Hilmir"]
[Black "Stefansson, Vignir Vatnar"]
[Result "0-1"]
[WhiteElo "1331"]
[BlackElo "1652"]
[PlyCount "44"]
[EventDate "2013.02.19"]

1. d4 Nf6 2. Nf3 b6 3. e3 Bb7 4. Bd3 e6 5. Nbd2 d5 6. O-O Bd6 7. b3 O-O 8. Bb2
Nbd7 9. c4 Rc8 10. Rc1 Ne4 11. Qc2 f5 12. Ne5 Bxe5 13. dxe5 Ndc5 14. Be2 Qg5
15. Nf3 Qh6 16. a4 a5 17. Ba3 Rfd8 18. Rfd1 g5 19. Nd4 g4 20. Rb1 Nxf2 21. Kxf2
Ne4+ 22. Kg1 Qxe3+ 0-1

[Event "Reykjavik Open 2013"]
[Site "Reykjavik, Iceland"]
[Date "2013.02.25"]
[Round "8.97"]
[White "Storesund, Henrik"]
[Black "Petersson, Baldur Teodor"]
[Result "1/2-1/2"]
[WhiteElo "1759"]
[BlackElo "1575"]
[PlyCount "83"]
[EventDate "2013.02.19"]

1. e4 c5 2. Nf3 e6 3. d4 cxd4 4. Nxd4 a6 5. Nc3 Qc7 6. Be2 Nc6 7. Be3 Nf6 8.
O-O b5 9. Nxc6 dxc6 10. f4 Be7 11. Bf3 Bb7 12. Kh1 O-O 13. g4 c5 14. g5 Rad8
15. Qe1 Nd7 16. Qh4 f5 17. exf5 Rxf5 18. Kg1 Bxf3 19. Rxf3 Bxg5 20. Qg3 Qc6 21.
Rf2 Bf6 22. Qg2 Qxg2+ 23. Kxg2 Bxc3 24. bxc3 Nf6 25. Kf3 g5 26. Rg2 g4+ 27. Ke2
h5 28. h3 c4 29. hxg4 Nxg4 30. a4 Kf7 31. axb5 axb5 32. Ra7+ Kg6 33. Ra6 Re8
34. Rg1 Kf7 35. Kf3 Nxe3 36. Kxe3 Kf6 37. Rb6 h4 38. Rb7 Re7 39. Rxe7 Kxe7 40.
Rg7+ Rf7 41. Rg5 Rf5 42. Rg7+ 1/2-1/2